[Event "CZE-ch Juniors op-B"]
[Site "Sec u Chrudimi"]
[Date "2007.03.12"]
[Round "3"]
[White "Vlasak, Marcel"]
[Black "Rezac, Jindrich"]
[Result "0-1"]
[WhiteElo "1547"]
[BlackElo "1772"]
[PlyCount "96"]
[EventDate "2007.03.10"]
[EventType "swiss"]
[EventRounds "9"]
[EventCountry "CZE"]
[SourceTitle "EXT 2008"]
[Source "ChessBase"]
[SourceDate "2007.11.25"]
[SourceVersion "1"]
[SourceVersionDate "2007.11.25"]
[SourceQuality "1"]

1. e4 c5 2. Nc3 Nc6 3. f4 g6 4. Nf3 Bg7 5. Bb5 a6 6. Bxc6 bxc6 7. d3 d6 8. 0-0 Nf6 9. Qe1 0-0 10. f5 e6 11. Qh4 exf5 12. Bh6 Bxh6 13. Qxh6 Ng4 14. Qd2 Re8 15. h3 Ne5 16. Rad1 d5 17. exd5 cxd5 18. d4 Nxf3+ 19. Rxf3 c4 20. Na4 Qd6 21. Nc5 Bd7 22. b3 Bc6 23. c3 a5 24. Rb1 Rab8 25. a3 cxb3 26. a4 Re7 27. Rxb3 Rxb3 28. Nxb3 Bxa4 29. Nxa5 Qc7 30. c4 dxc4 31. Qb4 Bb3 32. Nxb3 cxb3 33. Rxb3 Qc1+ 34. Kh2 Re1 35. d5 Rh1+ 36. Kg3 Qe1+ 37. Qxe1 Rxe1 38. Rd3 Kf8 39. d6 Ke8 40. d7+ Kd8 41. Kf4 h6 42. h4 Re4+ 43. Kg3 Re7 44. Kf4 Rxd7 45. Rxd7+ Kxd7 46. h5 Ke6 47. hxg6 fxg6 48. g3 Kf6 0-1

[Event "CZE Juniorcentrum op-B"]
[Site "Sec u Chrudimi"]
[Date "2005.10.23"]
[Round "2"]
[White "Seiner, Frantisek"]
[Black "Vlasak, Marcel"]
[Result "1-0"]
[WhiteElo "1718"]
[BlackElo "1519"]
[PlyCount "71"]
[EventDate "2005.10.22"]
[EventType "swiss"]
[EventRounds "9"]
[EventCountry "CZE"]
[SourceTitle "EXT 2008"]
[Source "ChessBase"]
[SourceDate "2007.11.25"]
[SourceVersion "1"]
[SourceVersionDate "2007.11.25"]
[SourceQuality "1"]

1. d4 Nf6 2. c4 e5 3. d5 Bc5 4. e3 d6 5. Nc3 0-0 6. a3 a6 7. Qc2 Bd7 8. Bd3 Qc8 9. Nge2 b5 10. cxb5 axb5 11. 0-0 c6 12. dxc6 Bxc6 13. Bxb5 Qg4 14. Bxc6 Nxc6 15. Bd2 Ne7 16. Ng3 d5 17. Nxd5 Nexd5 18. Qxc5 Rac8 19. Qd6 Rfe8 20. Rac1 Rcd8 21. Qa6 h5 22. Qe2 Qg6 23. Ba5 Ra8 24. Bc3 h4 25. Nh1 h3 26. Qf3 hxg2 27. Qxg2 Qe4 28. Ng3 Qg6 29. h3 Nxc3 30. Rxc3 Nh5 31. Nxh5 Qxh5 32. Qg4 Qh7 33. Rfc1 Ra6 34. Rc8 Rf8 35. Rxf8+ Kxf8 36. Qc8+ 1-0

[Event "Volyne op-B"]
[Site "Volyne"]
[Date "2003.??.??"]
[Round "?"]
[White "Vlasak, Marcel"]
[Black "Lasik, Petr"]
[Result "0-1"]
[WhiteElo "1506"]
[BlackElo "1347"]
[PlyCount "42"]
[EventDate "2003.??.??"]
[EventType "swiss"]
[EventRounds "9"]
[EventCountry "CZE"]
[SourceTitle "EXT 2005"]
[Source "ChessBase"]
[SourceDate "2004.11.15"]
[SourceVersion "1"]
[SourceVersionDate "2004.11.15"]
[SourceQuality "1"]

1. e4 e5 2. Nf3 Nc6 3. Bb5 a6 4. Ba4 Nf6 5. 0-0 b5 6. Bb3 Bc5 7. c3 Na5 8. Bxf7+ Kxf7 9. b4 Bxb4 10. cxb4 Nc6 11. d4 Re8 12. dxe5 Nxe5 13. Bg5 d6 14. h3 Kg8 15. Nc3 Bb7 16. Nd4 Qd7 17. Bxf6 gxf6 18. Nf5 Bxe4 19. Nxe4 Qxf5 20. Qd5+ Kh8 21. Rae1 Nf3+ 0-1

[Event "Volyne op-B"]
[Site "Volyne"]
[Date "2003.??.??"]
[Round "?"]
[White "Vlasak, Marcel"]
[Black "Misicko, Jan"]
[Result "1-0"]
[WhiteElo "1506"]
[BlackElo "2070"]
[PlyCount "33"]
[EventDate "2003.??.??"]
[EventType "swiss"]
[EventRounds "9"]
[EventCountry "CZE"]
[SourceTitle "EXT 2005"]
[Source "ChessBase"]
[SourceDate "2004.11.15"]
[SourceVersion "1"]
[SourceVersionDate "2004.11.15"]
[SourceQuality "1"]

1. e4 e5 2. Nf3 Nc6 3. Bb5 Bb4 4. c3 Bc5 5. d4 a6 6. Bxc6 bxc6 7. dxc5 d6 8. 0-0 Nf6 9. Bg5 0-0 10. cxd6 cxd6 11. h3 Be6 12. Qa4 Qc7 13. Bxf6 gxf6 14. Nbd2 Qb6 15. Nc4 Qb5 16. Qxb5 cxb5 17. Nxd6 1-0

[Event "Volyne op-B"]
[Site "Volyne"]
[Date "2003.??.??"]
[Round "?"]
[White "Vlasak, Marcel"]
[Black "Rusnak, Jan"]
[Result "1/2-1/2"]
[WhiteElo "1506"]
[BlackElo "1717"]
[PlyCount "49"]
[EventDate "2003.??.??"]
[EventType "swiss"]
[EventRounds "9"]
[EventCountry "CZE"]
[SourceTitle "EXT 2005"]
[Source "ChessBase"]
[SourceDate "2004.11.15"]
[SourceVersion "1"]
[SourceVersionDate "2004.11.15"]
[SourceQuality "1"]

1. e4 d6 2. d4 Nf6 3. Nc3 g6 4. Nf3 Bg7 5. Be3 0-0 6. Qd2 Re8 7. Bc4 c6 8. Bb3 d5 9. exd5 Nxd5 10. Nxd5 cxd5 11. 0-0 Nc6 12. c3 Bg4 13. Ne5 Nxe5 14. dxe5 e6 15. Ba4 Rf8 16. Bc5 Bxe5 17. Bxf8 Kxf8 18. f3 Bf5 19. g4 Qh4 20. gxf5 Qxa4 21. fxe6 fxe6 22. Rae1 Bf4 23. Qd4 Qxd4+ 24. cxd4 Kf7 25. Re2 1/2-1/2